Đo - kiểm tra truyền hình tương tự và số = Measuring and monitoring of analog and digital television

Na minha lista:
Detalhes bibliográficos
Autor principal: Nguyễn, Kim Sách
Formato: Livro
Idioma:Undetermined
Publicado em: Hà Nội Khoa học và Kỹ thuật 2003
Assuntos:
Tags: Adicionar Tag
Sem tags, seja o primeiro a adicionar uma tag!
Thư viện lưu trữ: Trung tâm Học liệu Trường Đại học Cần Thơ
LEADER 00661nam a2200217Ia 4500
001 CTU_60246
008 210402s9999 xx 000 0 und d
020 |b 72000 
020 |c 72000 
082 |a 621.388 
082 |b S102 
100 |a Nguyễn, Kim Sách 
245 0 |a Đo - kiểm tra truyền hình tương tự và số 
245 0 |b = Measuring and monitoring of analog and digital television 
245 0 |c Nguyễn Kim Sách 
260 |a Hà Nội 
260 |b Khoa học và Kỹ thuật 
260 |c 2003 
650 |a Digital television 
904 |i Minh 
980 |a Trung tâm Học liệu Trường Đại học Cần Thơ